Foolish One lyrics - Statistics

General Stats
  • This quiz has been taken 51 times
  • The average score is 378 of 452
Answer Stats
Lyrics % Correct
I
100%
on
100%
the
100%
The
100%
You
100%
"You
100%
you
100%
your
100%
And
97%
and
97%
are
97%
are,
97%
Foolish
97%
in
97%
love
97%
My
97%
my
97%
one,
97%
one
97%
will
97%
cards
93%
checkin'
93%
come
93%
do
93%
for
93%
gonna
93%
hand
93%
he
93%
never
93%
No,
93%
not
93%
of
93%
stop
93%
table,
93%
yours
93%
confessions
90%
mailbox
90%
me
90%
that
90%
to
90%
again
87%
but
87%
But
87%
got
87%
just
87%
sleep
87%
when
87%
When
87%
down
83%
exception,
83%
head
83%
know
83%
learn
83%
lesson"
83%
lesson
83%
myself
83%
way,
83%
way
83%
you've
83%
ain't
80%
Ain't
80%
already
80%
Chances
80%
chances
80%
how
80%
"How
80%
I'm
80%
is
80%
keep
80%
like
80%
long
80%
plans
80%
something
80%
tonight,
80%
voices
80%
you're
80%
Don't
77%
Oh,
77%
say,
77%
say
77%
take
77%
best
73%
get
73%
give
73%
hard
73%
it
73%
reason
73%
talk
73%
too
73%
we're
73%
what
73%
call
70%
can't
70%
enough
70%
fine
70%
out
70%
really
70%
right
70%
then
70%
this
70%
thoughts
70%
why
70%
you'll
70%
act
67%
around
67%
attention
67%
her
67%
high
67%
hopes
67%
it's
67%
maybe,
67%
maybe
67%
'round
67%
see
67%
shoulder,
67%
something's
67%
waitin'
67%
Wishful
67%
could
63%
every
63%
forget
63%
mention
63%
mine
63%
older,
63%
signs?"
63%
someday,
63%
these
63%
thinkin'
63%
we'll
63%
block
60%
finally
60%
laugh
60%
or
60%
situation,
60%
wall
60%
with
60%
about
57%
bulletproof
57%
called
57%
'Cause
57%
coffee
57%
goodbye
57%
hands,
57%
I'll
57%
mornin'
57%
news
57%
Now
57%
now
57%
ring
57%
sayin',
57%
screamin'
57%
seem
57%
silence
57%
slidin'
57%
tellin'
57%
watching
57%
while
57%
wings
57%
day
53%
haven't
53%
starts
53%
written
53%
arms
50%
delicate,
50%
had
50%
instead
50%
intentions
50%
she'll
50%
glances,
47%
longing
47%
over
47%
They
47%
walkin'
47%
all
43%
wasn't
43%
he's
37%
waiting
33%
been
30%
done,
30%
said
30%
should've
30%
sittin'
20%
No matching quizzes found
Score Distribution
Percent of People with Each Score
Percentile by Number Answered
Your Score History
You have not taken this quiz